00277nam a2200109Ia 4500008004100000020001800041041000800059100002600067245003100093260003500124300000800159240521s2000 xx 000 0 und d a0-376-01046-0 aeng aCHRISTINE OLSON GEDYE aIDEAS FOR GREAT BABY ROOMS bSUNSET BOOKS, CALIFORNIAc2000 a598